000 00361nam a22001217a 4500
999 _c3610
_d3610
005 20201209092149.0
008 201209b ||||| |||| 00| 0 eng d
020 _a0582555531
040 _cCML
245 _aLongman Primary Dictionary.
_cSummers D.
260 _aEngland
_bLongman Group Ltd
_c1982
942 _2ddc
_cBK
_e1st Edition
_h423
_kR423
_mSUM